| 000 | 00755nam a2200229 4500 | ||
|---|---|---|---|
| 001 | 73905 | ||
| 003 | BD-RjUL | ||
| 005 | 20211209082447.0 | ||
| 008 | 170614s1919 enk 001 0 eng d | ||
| 035 | _a(BD-RjUL)74123 | ||
| 040 |
_aDLC _cOKentU _dOCoLC _dBD-RjUL _beng |
||
| 041 | _aeng | ||
| 082 |
_223 _a940.28 _bHEO 1919 |
||
| 100 | 1 |
_aHearnshaw, F. J. C. _q(Fossey John Cobb), _d1869-1946. _9218907 |
|
| 245 | 1 | 3 |
_aAn outline sketch of the political history of Europe in the nineteenth century / _cby F. J. C. Hearnshaw. |
| 260 |
_aLondon : _bMacmillan and co., limited, _c1919. |
||
| 300 |
_axii, 180 p. : _bill. ; _c19 cm. |
||
| 500 | _aIncludes Indexes | ||
| 651 | 0 |
_aEurope _xHistory _y1789-1900. _9218908 |
|
| 942 |
_2ddc _cBK |
||
| 999 |
_c73905 _d73905 |
||